| 000 | 00000nam##2200000za#4500 |
| 001 | 9.640615 |
| 003 | CaOODSP |
| 005 | 20210624222747 |
| 007 | cr ||||||||||| |
| 008 | 150407|1997||||xxc|||||o f|0| 0 fre|d |
| 040 | |aCaOODSP|bfre |
| 043 | |an-cn--- |
| 086 | 1 |aCP32-67/1997F-PDF |
| 110 | 1 |aCanada.|bConseil privé. |
| 245 | 13|aLa Relève - un parti pris pour l'action / |h[ressource électronique]|c[par] Jocelyne Bourgon. |
| 260 | |aOttawa - Ontario : |bConseil privé |c[1997]. |
| 300 | |a140p.|btableaux |
| 500 | |aLe n° de catalogue (CP32-67/1997) de l'édition imprimée bilingue a été incorrectement copié dans l'édition électronique. |
| 590 | |a12-35-Supp|b2012-08-09 |
| 691 | 07|aFonction publique|2gcpds |
| 691 | 07|aGestion du personnel|2gcpds |
| 691 | 07|aRéforme|2gcpds |
| 720 | 1 |aBourgon, Jocelyne |
| 775 | 08|tLa Relève - a commitment to action / |w(CaOODSP)9.696501 |
| 776 | 0#|tLa Relève--a commitment to action : |w(CaOODSP)9.659639 |
| 776 | 0#|tLa Relève--un parti pris pour l'action : |w(CaOODSP)9.659640 |
| 856 | 40|ahttp://publications.gc.ca|qPDF|s700 Ko|uhttps://publications.gc.ca/collections/collection_2012/bcp-pco/CP32-67-1997-fra.pdf |